Star Trek: Click-a-Human Quiz Stats

Quiz Updated Dec 17, 2017

Also try: Star Trek Races
Challenge
Share
Tweet
Score 0/28 Timer 04:00
2 Plays Today
% Correct
James T. Kirk
98.2%
Jean-Luc Picard
93.3%
William T. Riker
91.2%
Geordi LaForge
90.9%
Uhura
90.4%
Wesley Crusher
90.1%
Leonard McCoy
88.2%
Beverly Crusher
87.7%
Hikaru Sulu
87.5%
Montgomery Scott
87.4%
Harry Kim
86.8%
Kathryn Janeway
84.8%
Pavel Chekov
83.8%
Miles O'Brien
82.1%
% Correct
Tasha Yar
81.6%
Katherine Pulaski
81.1%
Chakotay
78.7%
Christine Chapel
78.5%
Benjamin Sisko
76.7%
'Trip' Tucker
75.2%
Julian Bashir
74.8%
Jonathan Archer
73.5%
Tom Paris
73.1%
Jake Sisko
69.7%
Hoshi Sato
67.9%
Janice Rand
67.7%
Travis Mayweather
64.4%
Malcolm Reed
56.3%

You're not logged in!

Compare scores with friends on all Sporcle quizzes.
Sign Up with Email
OR
Log In

You Might Also Like...

Show Comments

Extras

Top Quizzes Today


Score Distribution

Your Account Isn't Verified!

In order to create a playlist on Sporcle, you need to verify the email address you used during registration. Go to your Sporcle Settings to finish the process.

Report this User

Report this user for behavior that violates our Community Guidelines.

Details: